000 00721nam a22002417a 4500
003 UA-OsUOA
001 126506
007 ta
008 20171026b un ||||| |||| 00| 0 ukr d
100 _aЛобановська А.
090 _a821.161.2
_bЛ68
942 _cBK
040 _aUA-OsUOA
_bukr
_cUA-OsUOA
_dUA-OsUOA
245 _aСуперХерой цього часу
_bелектронно-мобільний роман-білінгва
300 _a200 с.
955 _a3
041 _aukr
080 _a821.161.2
020 _a978-617-564-020-3
260 _aК.
_bВид-во С. Пантюка
_c2014
650 7 _a82 Література. Літературознавство
_2UDC
999 _c413727
_d413727